00392nam a2200145 a 4500008004100000050001500041100002300056245004600079260003000125300001400155350000900169650001400178650002900192650002500221120416s1964 ||||||||||||||||| || u aHM 131 Pug aPugh, Derek Solmon10aWriters on organizations: an introduction aLondon:bHutchinsonc1964 axii, 98p. a0.00 0aSOCIOLOGY aORGANIZATIONAL SOCIOLOGY aINDUSTRIAL SOCIOLOGY